000 00638nam a22002297a 4500
003 UA-OsUOA
001 76577
007 ta
008 20110708b un ||||| |||| 00| 0 ukr d
100 _aБогослов Б.
090 _a222/224
_bБ74
942 _cBK
040 _aUA-OsUOA
_bukr
_cUA-OsUOA
_dUA-OsUOA
245 _aСтарий заповіт очима християнина або погляд на основи юдаїзму
300 _a80 с.
955 _a2
041 _aukr
080 _a222/224
260 _aХарків
_c2008
650 7 _a22 Біблія. Святе писання
_2UDC
999 _c362877
_d362877